Biggest Cities in Countries by First Letter-B - Statistics

General Stats
  • This quiz has been taken 48 times
  • The average score is 13 of 20
Answer Stats
Population Answer % Correct
22,990,000 Sao Paulo
98%
13,924,000 Rio de Janeiro
95%
4,991,000 Brasilia
88%
2,141,000 Brussels
86%
24,654,000 Dhaka
84%
6,351,000 Belo Horizonte
79%
1,997,000 La Paz
74%
4,269,000 Porto Alegre
70%
4,344,000 Recife
70%
2,435,000 Manaus
67%
5,654,000 Chittagong
65%
4,286,000 Fortaleza
65%
4,029,000 Salvador
63%
2,454,000 Belem
60%
2,070,000 Minsk
60%
3,889,000 Curitiba
58%
3,520,000 Ouagadougou
51%
3,491,000 Campinas
47%
2,927,000 Goiania
37%
2,220,000 Vitoria
19%
No matching quizzes found
Score Distribution
Percent of People with Each Score
Percentile by Number Answered
Your Score History
You have not taken this quiz